| 000 | 00573npc a2200205Ia 4500 | ||
|---|---|---|---|
| 001 | db15-40527 | ||
| 003 | IT-MiCISF | ||
| 008 | 161014s9999||||xx | und|| | ||
| 040 |
_aIT-MiCISF _cIT-MiCISF |
||
| 041 | _ait | ||
| 100 | _aAA.VV. | ||
| 245 | 0 |
_aLa prospettiva degli xenotrapianti _bAspetti scientifici e considerazioni etiche |
|
| 250 | _a1a ed. | ||
| 260 |
_bLibreria editrice vaticana _c2001 |
||
| 300 | _app. 55 | ||
| 500 | _aPontificia Academia Pro Vita / bioetica, trapianti / | ||
| 650 | _abioetica | ||
| 942 | _cDD | ||
| 957 | _71 | ||
| 999 |
_a40527 _bsi _g1 _c208456 _d208456 |
||